LDR 00683naa#a2200157#i#450# 001 RU\\bibl\120431 005 20260426084220.7 011 ## _a2782-4586 100 ## _a20260331b2026####ek#y0rusy0150####ca 102 ## _aRU 200 1# _aАнализ актуальных проблем предприятий малой химии Нижегородской области в 2020-2026 гг. и управление издержками _eЖурнальная статья 210 1# _aМосква _cУниверситет ИТБО _d2026 215 ## _a5 с. 608 ## _aЖурнальная статья _2local 700 #1 _aКрасильников _gДмитрий Валерьевич 856 4# _ajomeam.ru _u